[Event "Cardiff Welsh op"]
[Site "Cardiff"]
[Date "2023.04.10"]
[Round "6"]
[White "Dasselaar, Hendrik"]
[Black "Chong, Kimberly"]
[Result "1-0"]
[WhiteElo "1297"]
[BlackElo "1682"]
[PlyCount "67"]
[EventDate "2023.04.07"]
[EventType "swiss"]
[EventRounds "7"]
[EventCountry "WLS"]
[SourceTitle "EXT 2024"]
[Source "ChessBase"]
[SourceDate "2023.10.10"]
[SourceVersion "1"]
[SourceVersionDate "2023.10.10"]
[SourceQuality "1"]

1. e4 d5 2. exd5 Nf6 3. d4 Nxd5 4. c4 Nb6 5. Nc3 g6 6. Nf3 Bg7 7. c5 Nd5 8. Bc4 c6 9. Qb3 e6 10. Bg5 Qc7 11. Ne4 0-0 12. Nd6 b6 13. 0-0 bxc5 14. dxc5 Ba6 15. Rac1 Bxc4 16. Qxc4 Nd7 17. b3 Ne5 18. Qe2 Nxf3+ 19. Qxf3 Be5 20. Nc4 Bxh2+ 21. Kh1 Bf4 22. Qg4 Bxc1 23. Rxc1 e5 24. Nd6 Rab8 25. Rc4 Qa5 26. Qe2 f6 27. Bh6 Rfd8 28. Qg4 Qe1+ 29. Kh2 Rxd6 30. cxd6 f5 31. Qh4 Qe2 32. Rxc6 Nb4 33. f3 Nd5 34. d7 1-0

[Event "Cardiff Welsh op"]
[Site "Cardiff"]
[Date "2023.04.08"]
[Round "2"]
[White "Dasselaar, Hendrik"]
[Black "Parri, Deio"]
[Result "0-1"]
[WhiteElo "1297"]
[BlackElo "1597"]
[PlyCount "50"]
[EventDate "2023.04.07"]
[EventType "swiss"]
[EventRounds "7"]
[EventCountry "WLS"]
[SourceTitle "EXT 2024"]
[Source "ChessBase"]
[SourceDate "2023.10.10"]
[SourceVersion "1"]
[SourceVersionDate "2023.10.10"]
[SourceQuality "1"]

1. e4 e6 2. c4 c6 3. Nc3 Nf6 4. d4 d5 5. cxd5 cxd5 6. exd5 Nxd5 7. Nf3 Be7 8. Bd3 Nd7 9. Qe2 N7f6 10. Bg5 0-0 11. h4 a6 12. Nxd5 Qxd5 13. Bxf6 Bxf6 14. Bxh7+ Kxh7 15. Ng5+ Kg8 16. Qh5 Qf5 17. f4 Qg6 18. Qg4 e5 19. Qg3 exf4 20. Qxf4 Re8+ 21. Kd2 Qf5 22. Qc7 Bxg5+ 23. hxg5 Qxg5+ 24. Kc3 Re3+ 25. Kc4 Qb5# 0-1

[Event "Cardiff Welsh op"]
[Site "Cardiff"]
[Date "2023.04.08"]
[Round "4"]
[White "Dasselaar, Hendrik"]
[Black "Sharhorodsky, Yaroslav"]
[Result "1-0"]
[WhiteElo "1297"]
[BlackElo "1476"]
[PlyCount "37"]
[EventDate "2023.04.07"]
[EventType "swiss"]
[EventRounds "7"]
[EventCountry "WLS"]
[SourceTitle "EXT 2024"]
[Source "ChessBase"]
[SourceDate "2023.10.10"]
[SourceVersion "1"]
[SourceVersionDate "2023.10.10"]
[SourceQuality "1"]

1. e4 e5 2. Nf3 Nc6 3. Bc4 Bc5 4. c3 Nf6 5. 0-0 0-0 6. d4 exd4 7. cxd4 Bb6 8. e5 d5 9. Bd3 Ne4 10. Nc3 Nxd4 11. Nxd4 Bxd4 12. Nxe4 dxe4 13. Bxe4 Bxf2+ 14. Kxf2 Qh4+ 15. Ke3 Qxh2 16. Rh1 Qxe5 17. Qh5 Qg3+ 18. Qf3 Qg5+ 19. Kf2 1-0